000 00619nam a2200181Ia 4500
003 GCL
008 140319s9999 xx 000 0 ara d
040 _aGCL /
_cGCL
082 0 4 _a746.0288
_bع م
100 1 _aعمر عبدالكريم
245 1 0 _aالمرشد لعلاج وصيانة المنسوجات الاثرية /
_cعمر عبدالكريم
260 _aالقاهرة :
_bمطابع فاين لاين ،
_c2002
300 _a262 ص ؛
_c24 سم
650 0 4 _aالمنسوجات
650 0 4 _aالمنسوجات - صناعة وتجارة
650 0 4 _aالمنسوجات - صيانة
942 _2ddc
_cBK
999 _c5989
_d5989